African American Female Leadership in Major motion pictures from Marginalized to Mainstream (Record no. 27035)
[ view plain ]
| 000 -LEADER | |
|---|---|
| fixed length control field | 00744nam a2200181Ia 4500 |
| 020 ## - INTERNATIONAL STANDARD BOOK NUMBER | |
| ISBN | 9780367370538 |
| 050 ## - CALL MARK | |
| Classification number | PN 1995.9 .W67/ |
| 100 ## - STATEMENT OF RESPONSIBILITY--MAIN AUTHOR NAME | |
| Personal name | Worley, Tracy L.F |
| 245 #0 - TITLE STATEMENT | |
| Title | African American Female Leadership in Major motion pictures from Marginalized to Mainstream |
| 260 ## - PUBLICATION, DISTRIBUTION, ETC. (IMPRINT) | |
| Place of publication | London |
| 260 ## - PUBLICATION, DISTRIBUTION, ETC. (IMPRINT) | |
| Name of publisher | Routledge |
| 260 ## - PUBLICATION, DISTRIBUTION, ETC. (IMPRINT) | |
| Year of publication | 2024 |
| 300 ## - PHYSICAL DESCRIPTION | |
| Number of Pages | ix, 73p.: ill. |
| 650 ## - SUBJECT ADDED ENTRY--TOPICAL TERM | |
| Topical Term | African American women in film; Representation in Hollywood; Diversity in cinema; Black women leadership; Race and gender in media; Women in motion pictures; Film industry and inclusion; Media studies; African American cultural studies; Hollywood and social change. |
| 942 ## - ADDED ENTRY ELEMENTS (KOHA) | |
| Koha item type | Books |
| Withdrawn status | Lost status | Source of classification or shelving scheme | Damaged status | Not for loan | Permanent Location | Current Location | Shelving location | Date acquired | Full call number | Accession Number | Price effective from | Koha item type |
|---|---|---|---|---|---|---|---|---|---|---|---|---|
| Library of Congress Classification | NILE UNIVERSITY OF NIGERIA - MAIN LIBRARY | NILE UNIVERSITY OF NIGERIA - MAIN LIBRARY | Items on shelf | 04/23/2025 | PN 1995.9 .W67 | 0198830 | 04/23/2025 | Books |